000 01430cam a22004454i 4500
003 PE-LiUPU
005 20250731173443.0
008 150616s r 000 0 d
035 _a(Sirsi) a5809
040 _aPE-LiUPU
_bspa
_cPE-LiUPU
_erda
049 _aPRUA
082 0 4 _a239.28193
_bR94
_221
100 1 _aRuiz Bueno, Daniel,
_eautor.
245 1 0 _aPadres Apologistas Griegos.
264 1 _aMadrid :
_bEditorial Católica, S.A.,
_c1954.
300 _a1006 páginas ;
_c19 cm.
336 _atext
_2rdacontent
337 _aunmediated
_2rdamedia
338 _avolume
_2rdacarrier
505 0 _aApocalistas Griegos del siglo II.
526 _aSEG42
526 _aSEG41
526 _aSEG40
526 _aSEG39
526 _aP94
526 _aP87
526 _aP86
526 _aP85
526 _aP77
526 _aP76
526 _aP35
650 0 4 _aPADRES DE LA IGLESIA GRIEGA - SIGLO II - APOLOGITICA.
910 _ajck
_bjvq
_cjck
942 _2ddc
_cBOOK
949 _a239.28193 R94
_wDEWEY
_c1
_i39240
_lCCODEBUL1
_mBUL
_p00.00
_r0
_sY
_tBOOK
_u19951008
_xTEOLOGIA
_zUNKNOWN
_0COMPRA
_o.STAFF. Colección General
994 _aC0
_bPEPRU
596 _a1
999 _a239.28193 R94
_wDEWEY
_c56876
_i39240
_f2021-11-11
_g5
_lCCODEBUL1
_mBUL
_r0
_sY
_tBOOK
_u2015-6-16
_xTEOLOGIA
_zUNKNOWN
_0COMPRA
_o.STAFF. Colección General
_d56876
980 _81
_gALBERTO SANCHEZ Responsable de Automatización